STATISTICAL MECHANICS (Record no. 9370)
[ view plain ]
| 000 -LEADER | |
|---|---|
| fixed length control field | 00942nam a22001697a 4500 |
| 003 - CONTROL NUMBER IDENTIFIER | |
| control field | SGT |
| 020 ## - INTERNATIONAL STANDARD BOOK NUMBER | |
| International Standard Book Number | 9788126518494 |
| 082 ## - DEWEY DECIMAL CLASSIFICATION NUMBER | |
| Classification number | 530.13,HUA |
| 100 ## - MAIN ENTRY--PERSONAL NAME | |
| Personal name | HUANG, KERSON |
| 245 ## - TITLE STATEMENT | |
| Title | STATISTICAL MECHANICS |
| 250 ## - EDITION STATEMENT | |
| Edition statement | 2ND |
| 260 ## - PUBLICATION, DISTRIBUTION, ETC. (IMPRINT) | |
| Place of publication, distribution, etc | NEW DELHI |
| Name of publisher, distributor, etc | WILLEY INDIA |
| Year of Publication | 2014 |
| 300 ## - PAGE DESCRIPTION | |
| No. of Pages | 493 |
| 650 ## - SUBJECT ADDED ENTRY--TOPICAL TERM | |
| Topical term or geographic name as entry element | PHYSICS |
| 653 ## - KEYWORDS--INDEX TERM | |
| Keyword term | THE LAWS OF THERMODYNAMICS • SOME APPLICATIONS OF THERMODYNAMICS • THE PROBLEM OF KINETIC THEORY • THE EQUILIBRIUM STATE OF A DILUTE GAS • TRANSPORT PHENOMENA • CLASSICAL STATISTICAL MECHANICS • CANONICAL ENSEMBLE AND GRAND CANONICAL ENSEMBLE • QUANTUM STATISTICAL MECHANICS • GENERAL PROPERTIES OF THE PARTITION FUNCTION • APPROXIMATE METHODS • FERMI SYSTEMS • BOSE SYSTEMS • SUPERFLUIDS • ISING MODEL • ONSAGER SOLUTION • CRITICAL PHENOMENA • THE LANDAU APPROACH • RENORMALIZATION GROUP APPENDIX INDEX |
| 942 ## - ADDED ENTRY ELEMENTS (KOHA) | |
| Source of classification or shelving scheme | Dewey Decimal Classification |
| Koha item type | FPS Books |
| 942 ## - ADDED ENTRY ELEMENTS (KOHA) | |
| -- | 10 |
| Withdrawn status | Lost status | Source of classification or shelving scheme | Damaged status | Not for loan | Collection code | Home library | Current library | Shelving location | Date acquired | Vendor Name | Cost, normal purchase price | SGTU | Bill Number | Full call number | Accession No. (Barcode) | Date last seen | Bill Date | Koha item type | Total Checkouts | Date last borrowed |
|---|---|---|---|---|---|---|---|---|---|---|---|---|---|---|---|---|---|---|---|---|
| Dewey Decimal Classification | Not For Loan | SCIENCE | SGT Science & Social Sciences Library | SGT Science & Social Sciences Library | Reference Book | 30/06/2016 | AHUJA BOOKS | 599.00 | SGTU | 6884 | 530.13,HUA | PS1838 | 30/06/2016 | 21/04/2016 | FPS Books | |||||
| Dewey Decimal Classification | SCIENCE | SGT Science & Social Sciences Library | SGT Science & Social Sciences Library | On Display | 30/06/2016 | AHUJA BOOKS | 599.00 | SGTU | 6884 | 530.13,HUA | PS1839 | 09/02/2024 | 21/04/2016 | FPS Books | 16 | 05/02/2024 |